000 00717nam a2200253Ia 4500
003 OSt
005 20220925224543.0
006 a|||||r|||| 00| 0
007 ta
008 220923b |||||||| |||| 00| 0 eng d
020 _a0710210566
037 _cGeneral Book
040 _aRTL
_cRTL
_beng
041 _2eng
_aeng
082 _aX:3L, M6
100 _aBowles Samuel
_9124247
245 0 _aDemocracy and capitalism
_b Property, community, and
260 _aLondon
_bRoutledge and kegan paul
_c1986
300 _ax,244p
_ccm.
650 _aWages
_9229845
700 _a Gintis Herbert
_9291256
942 _hX:3L, M6
_cGB
_2CC
999 _c581725
_d581725